| 000 | 01015nam a22003017a 4500 | ||
|---|---|---|---|
| 003 | CHAP | ||
| 005 | 20220329134327.0 | ||
| 008 | 971013s1986 r 00010 d | ||
| 010 | _a18803 | ||
| 011 | _a19775 | ||
| 035 | _a23860 | ||
| 040 | _cCHAP | ||
| 090 | _aTesis | ||
| 100 | 0 | 0 |
_aAlvarado Aguilar, Jorge Emilio. _94749 |
| 245 | _aPrevalencia de brucelosis en el municipio de Francisco Javier Mina en el estado de Puebla, Pue. | ||
| 260 |
_aPuebla, Pue., ; El autor, _c1986 |
||
| 300 |
_a27 h. _b; gráfs |
||
| 502 | _aTesis (Médico Veterinario Zootecnista) -- Escuela Superior de Medicina Veterinaria y Zootecnia, A.C. | ||
| 590 |
_aALEPH _b10 _c20130110 _lUCH01 _h1241 |
||
| 590 |
_aBATCH-UPD _b10 _c20130110 _lUCH01 _h1725 |
||
| 590 |
_aCONVERSION _b10 _c20130109 _lUCH01 _h1311 |
||
| 650 | 1 | 4 |
_aBrucelosis. _915734 |
| 650 | 1 | 4 |
_aGanado vacuno _xEnfermedades. _945460 |
| 650 | 1 | 4 |
_aGanado vacuno _xPuebla. _945508 |
| 901 | _aBK | ||
| 942 | _cTESIS | ||
| 949 |
_bBC _cTES _d-55296 _eTS1 _h18593 _i23860 _mD. _si |
||
| 999 |
_c18803 _d18803 |
||